JESUS. RIVISTA CULTURA E ATTUALITÀ RELIGIOSA. GENNAIO 2003. ISLAM: VIAGGIO TRA I GIOVANI FIGLI DEL CORANO. (Record n. 335028)

Dettagli MARC
000 -LEADER
fixed length control field 01712nas a2200277Ia 4500
001 - CONTROL NUMBER
control field R050-S6802
003 - CONTROL NUMBER IDENTIFIER
control field IT-CnALBA
008 - FIXED-LENGTH DATA ELEMENTS--GENERAL INFORMATION
fixed length control field 170116c99999999xx |||||||||||| ||und||
040 ## - CATALOGING SOURCE
Original cataloging agency IT-CnALBA
Transcribing agency IT-CnALBA
041 ## - LANGUAGE CODE
Language code of text/sound track or separate title ITALIANO
999 ## - SYSTEM CONTROL NUMBERS (KOHA)
Koha Dewey Subclass [OBSOLETE] NO
100 ## - MAIN ENTRY--PERSONAL NAME
Personal name MARRAS VINCENZO
210 ## - ABBREVIATED TITLE
Abbreviated title JESUS
222 ## - KEY TITLE
Key title JESUS
245 #0 - TITLE STATEMENT
Title JESUS. RIVISTA CULTURA E ATTUALITÀ RELIGIOSA. GENNAIO 2003. ISLAM: VIAGGIO TRA I GIOVANI FIGLI DEL CORANO.
250 ## - EDITION STATEMENT
Edition statement 1a ed.
260 ## - PUBLICATION, DISTRIBUTION, ETC. (IMPRINT)
Place of publication, distribution, etc. CINISELLO BALSAMO (MI)
Name of publisher, distributor, etc. PERIODICI SAN PAOLO ED.
Date of publication, distribution, etc. 2003 [1° Ed.:2003 - Ed.Ling.Originale: 2003]
300 ## - PHYSICAL DESCRIPTION
Extent 100 p.
310 ## - CURRENT PUBLICATION FREQUENCY
Current publication frequency MENSILE
362 ## - DATES OF PUBLICATION AND/OR SEQUENTIAL DESIGNATION
Dates of publication and/or sequential designation Fascicolo: 1 / Anno: 25 (2003)
500 ## - GENERAL NOTE
General note COME CAMBIA LA RELIGIOSITÀ NEGLI USA. DIRE DIO A GROUND ZERO. VANGELO E GIORNALE. DIO E GROUND ZERO. ISLAM DOMANI: MADE IN ITALY. MONSIGNOR JOSEPH ZEN. LA SPINA NELLA MURAGLIA. DAVOD LODGE, DAL PARADISO CON IRONIA. COMUNITÀ DI VILLAPIZZONE. PADRE DE ROUX IN COLONIA, SOGNO DI PACHO. LA FESTA PROMESSA DI SEMPRE. FEDERALISMO DANTESCO. DOSSIER: LA FEDE OGGI. UN MISTICO SUL PODIO. PICCOLI PROFETI. IDEE E LETTURA.
501 ## - WITH NOTE
With note Società San Paolo EM - Piazza San Paolo, 14 - 12051 ALBA (CN) (non commercial uses only) ® Copyright 2017
520 ## - SUMMARY, ETC.
Summary, etc. COME CAMBIA LA RELIGIOSITÀ NEGLI USA. DIRE DIO A GROUND ZERO. VANGELO E GIORNALE. DIO E GROUND ZERO. ISLAM DOMANI: MADE IN ITALY. MONSIGNOR JOSEPH ZEN. LA SPINA NELLA MURAGLIA. DAVOD LODGE, DAL PARADISO CON IRONIA. COMUNITÀ DI VILLAPIZZONE. PADRE DE ROUX IN COLONIA, SOGNO DI PACHO. LA FESTA PROMESSA DI SEMPRE. FEDERALISMO DANTESCO. DOSSIER: LA FEDE OGGI. UN MISTICO SUL PODIO. PICCOLI PROFETI. IDEE E LETTURA.
650 ## - SUBJECT ADDED ENTRY--TOPICAL TERM
Topical term or geographic name as entry element SCIENZE UMANE E RELIGIOSE
942 ## - ADDED ENTRY ELEMENTS (KOHA)
Koha item type RIVISTA
957 ## -
-- 1
999 ## - SYSTEM CONTROL NUMBERS (KOHA)
-- 1
Dati di copia
Withdrawn status Lost status Damaged status Not for loan Home library Current library Date acquired Total Checkouts Full call number Date last seen Price effective from Koha item type Public note
    Buone Condizioni Not For Loan ALBA - Biblioteca ALBA - Biblioteca 16/01/2017   R050-S6802 16/01/2017 16/01/2017 RIVISTA (data import: 16 gennaio 2017) - By Epidotti, Vaglietti.
CREDITS: SOCIETA' SAN PAOLO Via A.Severo, 58 - ROMA (RM) & PERIODICI SAN PAOLO SRL Via Giotto, 36 MILANO & CISF Via Giotto, 36 MILANO & EDIZIONI SAN PAOLO SRL,  Piazza Soncino, 5 CINISELLO BALSAMO (MI) -- ITALY